000 01111nam a22003497a 4500
001 001159
003 DO-SdBNP
005 20171120110941.0
007 001159
008 160818b 2003 ag 00| 0 spa d
020 _a9875503371
040 _aBPMSU
_bspa
_cBPMSU
082 4 _a823.8
_bC965m
092 _a
_b
245 _aCuentos de mujeres por mujeres /
_cKatherine Mansfield ...[et al.]. ; traducción y prólogo Ramón D. ATarruella
260 _aBuenos Aires :
_bLongseller,
_c2003.
300 _a303 p. :
_c18 cm.
490 1 _aClásicos de siempre
_aCuentos,
_v3
500 _ala biblioteca posee la reimpresión 2005
650 _aCUENTOS INGLESES
_vCOLECCIONES
650 _aMUJERES EN LA LITERATURA
650 _aFEMINISTAS
_vCUENTOS
650 _aLITERATURA INGLESA
650 _aVIDA COTIDIANA
_vCUENTOS
700 1 _aTarruella, Ramón,
_etraductor
700 1 _aMansfield, Katherine
830 0 _aClásicos de siempre,
_pcuentos
_v3
942 _2ddc
_cBK
945 _aInventariado, 2017/MFF
956 _aBTAVÁREZ
_b10
_c20160818
_d001159
956 _aVMATEO
_b10
_c20160903
_d0069
999 _c11173
_d11173